| 000 | 00693nam a2200253Ia 4500 | ||
|---|---|---|---|
| 008 | 170203s9999 xx 000 0 und d | ||
| 020 | _a0-563546840 | ||
| 050 | _aFic | ||
| 050 | _bC724b | ||
| 245 | _aCounting / | ||
| 260 | _aLondon : | ||
| 260 | _bBBC Children's, | ||
| 260 | _c2003 | ||
| 300 | _a24 pages : | ||
| 300 | _bchiefly color illustrations ; | ||
| 300 | _c27 cm. | ||
| 440 | _aBob the Builder. | ||
| 650 | _aBob the Builder (Fictitious character) | ||
| 650 | _aBob the Builder (Fictitious character) -- Pictorial works -- | ||
| 650 | _aCounting -- Pictorial works -- | ||
| 650 | _aCounting. | ||
| 650 | _xJuvenile fiction. | ||
| 650 | _xJuvenile fiction. | ||
| 999 |
_c306634 _d306634 |
||